Statistics for GDP Africa vs Europe

Click here to take the quiz!

General Stats

  • This quiz has been taken 57 times
  • The average score is 41 of 51

Answer Stats

GDPAfricaEuropeGDP% Correct
237 bnEgyptFinland256 bn
90%
349 bnSouth AfricaIreland334 bn
88%
34 bnCameroonLatvia30 bn
88%
31 bnLibyaLatvia30 bn
88%
81 bnEthiopiaSlovakia96 bn
88%
80 bnKenyaSlovakia96 bn
88%
15 bnGabonAlbania13 bn
86%
15 bnMaliAlbania13 bn
86%
26 bnZambiaEstonia26 bn
86%
26 bnUgandaEstonia26 bn
86%
47 bnGhanaLithuania47 bn
86%
376 bnNigeriaNorway396 bn
86%
2 bnCentral African RepublicSan Marino2 bn
82%
2 bnCape VerdeSan Marino2 bn
82%
2 bnDjiboutiSan Marino2 bn
82%
1 bnSeychellesSan Marino2 bn
82%
1 bnGuinea-BissauSan Marino2 bn
82%
1 bnThe GambiaSan Marino2 bn
82%
40 bnTunisiaSerbia41 bn
82%
40 bnIvory CoastSerbia41 bn
82%
41 bnD. R. CongoSerbia41 bn
82%
110 bnMoroccoUkraine109 bn
82%
178 bnAlgeriaGreece201 bn
80%
13 bnNamibiaMalta13 bn
80%
9 bnBeninMoldova8 bn
80%
9 bnRwandaMoldova8 bn
80%
8 bnNigerMoldova8 bn
80%
9 bnCongo-BrazzavilleMoldova8 bn
80%
7 bnSomaliaMoldova8 bn
80%
52 bnTanzaniaBelarus54 bn
78%
6 bnMalawiMontenegro5 bn
78%
6 bnEritreaMontenegro5 bn
78%
5 bnMauritaniaMontenegro5 bn
78%
5 bnTogoMontenegro5 bn
78%
4 bnSwazilandMontenegro5 bn
78%
4 bnSierra leoneMontenegro5 bn
78%
3 bnBurundiMontenegro5 bn
78%
3 bnLiberiaMontenegro5 bn
78%
3 bnSouth SudanMontenegro5 bn
78%
3 bnLesothoMontenegro5 bn
78%
17 bnZimbabweBosnia and Herzegovina18 bn
76%
17 bnBotswanaBosnia and Herzegovina18 bn
76%
16 bnSenegalBosnia and Herzegovina18 bn
76%
58 bnSudanBulgaria57 bn
76%
124 bnAngolaHungary132 bn
75%
11 bnEquatorial GuineaMacedonia11 bn
75%
10 bnGuineaMacedonia11 bn
75%
10 bnChadMacedonia11 bn
75%
11 bnMadagascarMacedonia11 bn
75%
1 bnComorosVatican City0 bn
73%
0 bnSão Tomé and PríncipeVatican City0 bn
73%

Score Distribution

Percentile by Number Answered

Percent of People with Each Score

Your Score History

You have not taken this quiz